The secret garden
Guardat en:
| Autor principal: | |
|---|---|
| Format: | Llibre |
| Idioma: | anglès |
| Publicat: |
Puffin Books
1951.
|
| Etiquetes: |
Afegir etiqueta
Sense etiquetes, Sigues el primer a etiquetar aquest registre!
|
MARC
| LEADER | 00000nam a22000007a 4500 | ||
|---|---|---|---|
| 008 | 210408b ||||| |||| 00| 0 eng d | ||
| 020 | |a 978-0-141-32106-6 | ||
| 100 | |a BURNETT, Frances Hodgson | ||
| 245 | |a The secret garden |c Frances Hodgson Burnett |g viii, 341p. | ||
| 260 | |b Puffin Books |c 1951. |h London |i 682227 |l PZ7 .B93 |m Orphans – Fiction |m Gardens – Fiction |m People with disabilities – Fiction |m Yorkshire (England) – Fiction | ||
| 942 | |a lcc |c BK |e ADEKANYE, I. H. |f 08/04/2021 | ||
| 952 | |0 0 |1 0 |2 lcc |4 0 |6 PZ0007 B93 |7 0 |9 2061 |a HOL |b HOL |c LP |d 2021-04-08 |l 0 |o PZ7 .B93 |p 2021-5918 |r 2021-04-08 00:00:00 |w 2021-04-08 |y BK | ||
| 999 | |c 1072 |d 1072 | ||